Best Players in CS:GO - Statistics

General Stats
  • This quiz has been taken 8 times
  • The average score is 21 of 30
Answer Stats
Team Player Rating 3.0 % Correct
Astralis device 1.16
100%
Natus Vincere s1mple 1.24
100%
Team Vitality ZywOo 1.24
100%
SK,FaZe Clan,Luminosity,MIBR coldzera 1.12
88%
Virtus.pro,AVANGAR,Outsiders Jame 1.11
88%
G2,Envy kennyS 1.09
88%
FURIA KSCERATO 1.11
88%
FaZe Clan,G2,MOUZ NiKo 1.14
88%
MOUZ,FaZe Clan ropz 1.11
88%
Gambit,cloud9,Gambit Youngsters sh1ro 1.21
88%
FaZe Clan,Team Liquid Twistzz 1.08
88%
HellRaisers,MOUZ,Eternal Fire woxic 1.09
88%
BIG,Space Soldiers,Eternal Fire XANTARES 1.11
88%
Gambit,cloud9,Gambit Youngsters Ax1Le 1.10
75%
Complexity,Astralis,HEROIC blameF 1.12
75%
FaZe Clan broky 1.07
75%
Natus Vincere,FlipSid3 electroNic 1.07
75%
FaZe Clan,Natus Vincere GuardiaN 1.08
75%
ENCE,Team VItality Spinx 1.09
75%
MOUZ frozen 1.09
63%
Immortals,FURIA,Tempo Storm HEN1 1.07
63%
G2,Valiance huNter- 1.08
63%
NRG,Evil Geniuses Brehze 1.07
50%
Team Liquid,OpTic NAF 1.06
50%
MOUZ,HellRaisers,SINNERS oskar 1.11
50%
BIG,Sprout syrsoN 1.06
50%
OG mantuu 1.07
38%
Team Liquid,Extra Salt,cloud9 oSee 1.06
38%
FORZE,K23 xsepower 1.10
13%
Fiend,E-frag.net,SKADE,MK dream3r 1.08
0%
No matching quizzes found
Score Distribution
Percent of People with Each Score
Percentile by Number Answered
Your Score History
You have not taken this quiz